| 000 | 01021nam a2200277Ia 4500 | ||
|---|---|---|---|
| 003 | GCL | ||
| 008 | 140319s9999 xx 000 0 ara d | ||
| 020 | _a7084809977 | ||
| 040 |
_aGCL / _cGCL |
||
| 082 | 0 | 4 |
_a780.92 _bا س |
| 100 | 1 | _aمحمود كامل | |
| 245 | 1 | 0 |
_aسلامة حجازى / _cمحمود كامل |
| 700 | 1 | _aايزيس فتح الله | |
| 260 |
_aالقاهرة : _bدار الشروق ، _c1423 |
||
| 300 |
_a213 ص ؛ _c23 سم |
||
| 490 |
_aموسوعة اعلام الموسيقى العربية _v2 |
||
| 650 | 0 | 4 | _aالالحان الموسيقية |
| 650 | 0 | 4 | _aالموسيقى العربية - تاريخ ونقد |
| 650 | 0 | 4 | _aالموسيقيون - تراجم |
| 650 | 0 | 4 | _aالموسيقى العربية - تراجم |
| 650 | 0 | 4 | _aالموسيقى العربية - اداء |
| 650 | 0 | 4 | _aالموسيقى العربية - قوالب |
| 650 | 0 | 4 | _aالموسيقى العربية - مجموعات |
| 650 | 0 | 4 | _aالمسرح الغنائى العربى |
| 942 |
_2ddc _cBK |
||
| 999 |
_c8202 _d8202 |
||